000 01074nam a2200337Ia 4500
003 OSt
005 20221007121023.0
006 a|||||r|||| 00| 0
007 ta
008 221006b |||||||| |||| 00| 0 eng d
020 _a9783642003899 (hbd)
024 _a86271
037 _cTextbook
040 _aBDL
_cBDL
_beng
041 _2eng
_aeng
082 _aI:3, P9 Carb
100 _aRio Luis Alfonso del Ed.
_9710498
245 0 _aReactive oxygen species in plant signaling
_b Puppo Alain Ed.
260 _aDordrecht
_bSpringer
_c2009
300 _ax, 245p.
_ccm.
490 _aSignaling and communication in plants
500 _aIncludes bibliographical references.; Index 241- 245p.
650 _a Biochemistry
650 _a Life sciences
_9710499
650 _a Plant biochemistry
_9451517
650 _a Plant sciences
_9710500
650 _aPlant physiology
_9425556
700 _a Puppo Alain Ed.
_9439108
942 _hI:3, P9 Carb
_cTB
_2CC
999 _c1208339
_d1208339